000 00629nam a2200241Ia 4500
003 OSt
005 20220924143751.0
006 a|||||r|||| 00| 0
007 ta
008 220923b |||||||| |||| 00| 0 urd d
024 _a310039
037 _cTextual
040 _aARTS
_cARTS
_burd
041 _2urd
_aurd
082 _aO168:gxM8A,1, G1.1-.2
100 _aBeg Mirza Mohammad
_9216739
245 0 _aMuqaddmad-e-AbdulHaq
260 _c1931
490 _vVol. 1
650 _aURDU LITERATURE
942 _hO168:gxM8A,1, G1.1-.2
_cTEXL
_2CC
999 _c455621
_d455621